| 000 | 00572nam a2200229Ia 4500 | ||
|---|---|---|---|
| 008 | 160319s9999 xx 000 0 und d | ||
| 020 | _a971-684-045-4 | ||
| 050 | _aFIL QA 152.2 | ||
| 050 | _b.A44 1989 c.1 | ||
| 245 | _aAlgebra : | ||
| 245 | _bsecond course / | ||
| 245 | _cedited by Ernani V. Guzman. | ||
| 260 | _aManila : | ||
| 260 | _bAcademe Pub. House., | ||
| 260 | _c1989 | ||
| 300 | _a429 pages : | ||
| 300 | _billustrations ; | ||
| 300 | _c25 cm. | ||
| 440 | _aAcademe/Scott, Foresman. | ||
| 650 | _aAlgebra. | ||
| 650 | _xMathematical analysis. | ||
| 999 |
_c291802 _d291802 |
||